Trochu jiná válka
Jedenásty september - vojna proti teroru a jej obraz v súčasnej americkej literatúre. Vnímanie udalostí zo začiatku 21. storočia ako apokalyptickej rany, ktorá vyvolala hrôzu v sebavedomej a neohrozenej americkej spoločnosti.
Salvato in:
| Autore principale: | |
|---|---|
| Natura: | Capitolo di libro |
| Lingua: | ceco |
| Soggetti: | |
| Tags: |
Nessun Tag, puoi essere il primo ad aggiungerne!!
|
MARC
| LEADER | 00000naa a2200000 4500 | ||
|---|---|---|---|
| 001 | 0121754 | ||
| 005 | 20231016094151.6 | ||
| 041 | 0 | |a cze | |
| 044 | |a CZ | ||
| 245 | 1 | 0 | |a Trochu jiná válka |c Ladislav Nagy |
| 520 | |a Jedenásty september - vojna proti teroru a jej obraz v súčasnej americkej literatúre. Vnímanie udalostí zo začiatku 21. storočia ako apokalyptickej rany, ktorá vyvolala hrôzu v sebavedomej a neohrozenej americkej spoločnosti. | ||
| 610 | 2 | 0 | |a politika medzinárodná |
| 610 | 2 | 0 | |a politika zahraničná |
| 610 | 2 | 0 | |a vojny |
| 610 | 2 | 0 | |a terorizmus |
| 610 | 2 | 0 | |a spoločnosť |
| 610 | 2 | 0 | |a literatúra |
| 610 | 2 | 0 | |a USA |
| 100 | 1 | |a Nagy, Ladislav | |